| 000 | 00525cam a2200205ua 4500 | ||
|---|---|---|---|
| 020 | _c47.50 | ||
| 041 |
_aeng _h |
||
| 082 |
_a627.52 _bBIR/IR |
||
| 100 | _aBirdie, G S . | ||
| 245 |
_aIrrigation engineering - Including water power engineering / _cG S Birdie. _hTextual Documents |
||
| 250 |
_a2 / _b. |
||
| 260 |
_aDelhi : _bDhanpath Rai and sons , _c1988. |
||
| 300 | _a306 ; . | ||
| 365 | _a47.50 | ||
| 500 | _a*CSS | ||
| 504 | _a | ||
| 700 | 1 | _aRamchandra, Das . | |
| 942 | _cBK | ||
| 999 |
_c9378 _d9378 |
||